000 00445nam a2200193Ia 4500
005 20240823044238.0
008 240823s9999||||xx |||||||||||||| ||und||
041 _aENGLISH
082 _A428.2 N7
100 _aKrishnaswamy N
245 0 _aCurrent english for Colleges
250 _a1st
260 _c163
_bMacm
500 _aTRANSFERED
650 _aCurrent English
_bEnglish
700 _a Sriraman T
942 _cBK
999 _c212111
_d212111